| 000 | 00536nam a2200145Ia 4500 | ||
|---|---|---|---|
| 008 | 100122s9999 xx 000 0 und d | ||
| 082 |
_b70588 _a823 |
||
| 100 | _aजाखोटिया गिरीश प | ||
| 245 | _aएका मारवाड्याची गोष्ट | ||
| 260 |
_bराजेंद्र प्रकाशन _c2006 |
||
| 300 | _a257 | ||
| 630 | _aएका मारवाड्याची गोष्ट | ||
| 730 | _aएका मारवाड्याची गोष्ट | ||
| 942 | _cBOOK | ||
| 999 |
_c441441 _d441438 |
||